书目信息 |
| 题名: |
形体运动
|
|
| 作者: | 皮建英 , 黄晓卫 主编 | |
| 分册: | ||
| 出版信息: | 长沙 湖南科学技术出版社 2005.03 |
|
| 页数: | 176页 | |
| 开本: | 26cm | |
| 丛书名: | 普通高等学校体育课程系列教材 | |
| 单 册: | ||
| 中图分类: | G831.3 | |
| 科图分类: | ||
| 主题词: | 健身运动--jian shen yun dong--高等学校--教材 | |
| 电子资源: | ||
| ISBN: | 7-5357-4183-5 | |
| 000 | 00972nam 2200265 450 | |
| 001 | 012006323465 | |
| 005 | 20060912162048.32 | |
| 010 | @a7-5357-4183-5@dCNY16.00 | |
| 100 | @a20060622d2005 km y0chiy0120 ea | |
| 101 | 0 | @achi |
| 102 | @aCN@b430000 | |
| 105 | @aa a 000yy | |
| 200 | 1 | @a形体运动@Axing ti yun dong@f皮建英, 黄晓卫主编@Fpi jian ying,huang xiao wei zhu bian |
| 210 | @a长沙@c湖南科学技术出版社@d2005.03 | |
| 215 | @a176页@c图@d26cm | |
| 225 | 2 | @a普通高等学校体育课程系列教材@Apu tong gao deng xue xiao ti yu ke cheng xi lie jiao cai |
| 320 | @a有书目 (第175页)。 | |
| 330 | @a本书内容包括 : 认知形体运动、形体姿态练习、形体素质练习、形态控制练习、探究形体运动。 | |
| 410 | 0 | @12001 @a普通高等学校体育课程系列教材 |
| 606 | 0 | @a健身运动@Ajian shen yun dong@x高等学校@j教材 |
| 690 | @aG831.3@v4 | |
| 701 | 0 | @a皮建英@Api jian ying@4主编 |
| 701 | 0 | @a黄晓卫@Ahuang xiao wei@4主编 |
| 801 | 0 | @aCN@bQSSK@c20060912 |
| 905 | @a10447@dG831.3@eP633 | |
| 形体运动/皮建英, 黄晓卫主编.-长沙:湖南科学技术出版社,2005.03 |
| 176页:图;26cm.-(普通高等学校体育课程系列教材) |
| ISBN 7-5357-4183-5:CNY16.00 |
| 本书内容包括 : 认知形体运动、形体姿态练习、形体素质练习、形态控制练习、探究形体运动。 |
| ● |
| 相关链接 |
|
|
|
正题名:形体运动
索取号:G831.3/P633
 
预约/预借
| 序号 | 登录号 | 条形码 | 馆藏地/架位号 | 状态 | 备注 |
| 1 | 590626 | 205906260 | 社科库409/409社科库 22排2列1层/ [索取号:G831.3/P633] | 在馆 | |
| 2 | 590627 | 205906279 | 社科库409/409社科库 22排2列1层/ [索取号:G831.3/P633] | 在馆 | |
| 3 | 590628 | 205906288 | 体育教学部资料室/ [索取号:G831.3/P633] | 在馆 |